Pokémon - Les attaques de Fongus-Furie - Statistiques

Statistiques générales
  • Ce quiz a été pris 9 fois
  • Le résultat moyen est 10 sur 16
Statistiques - réponses
Niveaux Types Noms des attaques % Correct
Niveau 49 Plante Giga-Sangsue
100%
Niveau 14 Plante Méga-Sangsue
100%
Départ Plante Vol-Vie
100%
Départ Spectre Étonnement
83%
Niveau 91 Plante Lance-Soleil
83%
Niveau 7 Plante Para-Spore
83%
Niveau 56 Ténèbres Coup Bas
67%
Niveau 35 Ténèbres Représailles
67%
Niveau 63 Plante Spore
67%
Départ Feu Zénith
67%
Niveau 28 Poison Bain de Smog
50%
Niveau 77 Insecte Poudre Fureur
50%
Niveau 70 Plante Racines
33%
Niveau 21 Plante Synthèse
33%
Départ Normal Croissance
17%
Niveau 42 Normal Mania
0%
Aucun quiz correspondant
Distribution des résultats
% des personnes avec chaque résultat
Percentile par nombre de réponses
Votre historique - résultats
Vous n’avez pas pris ce quiz